Eniten Emma-palkintoja voittaneet artistit - Statistics

Yleistilastot
  • Tätä visaa on pelattu 61 kertaa
  • Keskiarvotulos 22 / 32
Vastaustilastot
Artisti % Oikein
Cheek
100%
JVG
100%
Jenni Vartiainen
94%
Mirella
94%
BEHM
92%
Robin
92%
Lordi
90%
Vesala
90%
Käärijä
88%
KUUMAA
86%
Anna Puu
82%
Haloo Helsinki!
80%
Jukka Poika
76%
Antti Tuisku
75%
Blind Channel
75%
Maija Vilkkumaa
71%
Chisu
69%
J. Karjalainen
69%
Nightwish
69%
Kaija Koo
63%
Lauri Tähkä & Elonkerjuu
55%
Samuli Edelmann
55%
Vesa-Matti Loiri
55%
Apulanta
51%
HIM
45%
The Rasmus
43%
Jonna Tervomaa
41%
PMMP
41%
ALMA
39%
Sunrise Avenue
39%
Pyhimys
33%
Stam1na
6%
Ehtoja vastaavia visoja ei löytynyt
Tulosjakauma
Jokaisen tuloksen saaneiden osuus
Persentiili vastausten määrän mukaan
Tuloshistoriasi
Et ole pelannut tätä visaa